000 00599nam a2200217 i 4500
001 28670
003 ES-MaACL
005 20260525062925.0
007 t|
008 030117s1956 sp ||||1| spa d
100 1 _aBalmes, Jaime,
_d1810-1848
_925096
245 1 3 _aEl criterio /
_cJaime Balmes.
250 _a7ª ed.
260 _a[Madrid] :
_bEspasa-Calpe,
_c1956]
300 _a262 p. ;
_c18 cm.
490 1 _aColección austral ;
_v71
650 4 _aEpistemología.
_912338
830 0 _aColección austral
_v71
_9177655
852 _aES-MaACL
_jC-11946
_bR.39766
999 _c28670
_d28670